01117nam a22003257a 4500001001000000003000900010005001700019007000300036008003400039040005400073041001000127072001900137090001900156100002100175110006600196245008900262260003400351300001100385500007200396650002000468650002500488650001800513650001600531650001400547650001800561909003600579942000700615999001700622952015200639BR0400981BR-BrBNA20230928101517.0ta230509b bl.||||| |||| 00| 0 por d aBR-BrBNAbporcBiblioteca Nacional de Agricultura a(Por) aL02; L01b6100  6100 BR04009811 aSantos, E.C. dos1 aUniversidade Federal de Lavras, MG (Brasil)0Tese (Doutorado)1 aAditivos alternativos ao uso de antibiótico na alimentação de frangos de corte3 aLavras, MG (Brasil): c2003.  a226 p. aSummaries (Eng, Por); Bibliography p. 185-210; 23 illus.; 71 tables aFRANGO DE CORTE aALIMENTO ALTERNATIVO aANTIBIÓTICO aPERFORMANCE aCARCAÇA aGANHO DE PESO a202309bLuciac55dLucia Elande cBK c66186d66186 002AGRIS40708AGROBASEa41918b41918l0o 6100 BR0400981p6100 BR0400981r2023-09-25t01yBK10d2023-09-25ePortaria Interministerial nº 164/94